000
00204 a2200097 4500
001
1739
100
_a
Binns,H.
245
_a
Examples in engineering drawing
260
_a
_b
E.U.P.
_c
090
_c
1275
_d
1275
942
_a
NUST-CAE
_c
M
_c
3058
999
_c
236812
_d
236812